000
00349nam a2200145 i 4500
001
bg
100
1
_a
O'NEILL, R.
245
0
_a
Third dimension :
_b
course book /
_c
R. O'Neill, P. Mugglestone.
260
_a
Harlow,
_c
1990.
700
1
_a
MUGGLESTONE, P.
040
_c
BPK
041
_a
pol
942
_c
KS
008
s pl f |000 0 pol
999
_c
4216
_d
4216